| 000 | 00249nam a22001217a 4500 | ||
|---|---|---|---|
| 999 |
_c31968 _d31968 |
||
| 003 | Nust | ||
| 005 | 20170112122040.0 | ||
| 008 | 170112b xxu||||| |||| 00| 0 eng d | ||
| 020 | _a9695037119 | ||
| 040 | _cC | ||
| 082 | _a891.439301 | ||
| 100 | _aMufti, Mumtaz | ||
| 245 |
_aCHOOP / _cMumtaz Mufti |
||
| 260 |
_aLahore: _bAl Faisal; _c2008. |
||
| 300 |
_a252p:, _b22 cm. |
||
| 500 | _aHardcover. | ||
| 942 |
_cBK _2ddc |
||